ASL Picture Click: Bathroom Items Quiz Stats

 Plays Quiz not verified by Sporcle

Challenge
Share
Tweet
Score 0/12 Timer 05:00
0 Plays Today
% Correct
Mirror
85.9%
Hairbrush
84.4%
Shower
78.1%
Sink
76.6%
Shampoo
73.4%
Tissue
70.3%
Soap
70.3%
Toothbrush
67.2%
Towel
67.2%
Toilet
62.5%
Bath
60.9%
Toothpaste
57.8%

You're not logged in!

Compare scores with friends on all Sporcle quizzes.
Join for Free
OR
Log In

You Might Also Like...

Show Comments

Extras

Top Quizzes Today


Score Distribution

Your Account Isn't Verified!

In order to create a playlist on Sporcle, you need to verify the email address you used during registration. Go to your Sporcle Settings to finish the process.

Report this User

Report this user for behavior that violates our Community Guidelines.

Details: